[Event "Voronezh Region-ch"]
[Site "Voronezh"]
[Date "2018.11.25"]
[Round "3"]
[White "Popov, Maksim1"]
[Black "Polyansky, Viktor"]
[Result "1-0"]
[WhiteElo "1976"]
[BlackElo "1871"]
[PlyCount "65"]
[EventDate "2018.11.23"]
[EventType "swiss"]
[EventRounds "9"]
[EventCountry "RUS"]
[SourceTitle "CBM 188 Extra"]
[Source "ChessBase"]
[SourceDate "2019.02.28"]
[SourceVersion "1"]
[SourceVersionDate "2019.02.28"]
[SourceQuality "1"]

1. e4 c6 2. d4 d5 3. e5 Bf5 4. Nc3 e6 5. g4 Bg6 6. Nge2 c5 7. h4 h6 8. Be3 Nc6 9. f4 h5 10. f5 exf5 11. g5 cxd4 12. Bxd4 Qa5 13. Nf4 0-0-0 14. Bb5 Bb4 15. Bxc6 bxc6 16. a3 Bxc3+ 17. Bxc3 Qa4 18. 0-0 Ne7 19. Bd4 Kb8 20. Qd2 Nc8 21. Rf3 Rhe8 22. Re1 Ka8 23. Qc3 Qc4 24. b3 Qxc3 25. Rxc3 Kb7 26. Rce3 a6 27. e6 Nd6 28. exf7 Bxf7 29. Rxe8 Rxe8 30. Rxe8 Nxe8 31. g6 Bg8 32. Nxh5 Kc7 33. Nxg7 1-0

[Event "Voronezh op-B 19th"]
[Site "Voronezh"]
[Date "2015.06.18"]
[Round "6"]
[White "Polyansky, Viktor"]
[Black "Gunchenko, Vadim"]
[Result "0-1"]
[WhiteElo "1925"]
[BlackElo "2160"]
[PlyCount "80"]
[EventDate "2015.06.12"]
[EventType "swiss"]
[EventRounds "9"]
[EventCountry "RUS"]
[SourceTitle "CBM 167 Extra"]
[Source "ChessBase"]
[SourceDate "2015.09.14"]
[SourceVersion "1"]
[SourceVersionDate "2015.09.14"]
[SourceQuality "1"]

1. e4 e5 2. Bc4 d6 3. Nf3 Be7 4. d4 exd4 5. Nxd4 Nf6 6. Nc3 0-0 7. 0-0 Nc6 8. h3 Ne5 9. Be2 c6 10. f4 Ng6 11. Nf3 Qc7 12. f5 Ne5 13. Nxe5 dxe5 14. Be3 b5 15. a3 a6 16. g4 Nd7 17. g5 f6 18. g6 hxg6 19. fxg6 Bc5 20. Bc4+ bxc4 21. Bxc5 Nxc5 22. Qh5 Rf7 23. gxf7+ Qxf7 24. Qxf7+ Kxf7 25. Rf3 Be6 26. Kf2 Rh8 27. Ke3 Rh4 28. Rg1 g5 29. Rgg3 a5 30. b4 cxb3 31. cxb3 Nxb3 32. Na4 Nd4 33. Rf2 f5 34. exf5 Nxf5+ 35. Rxf5+ Bxf5 36. Nc5 Rxh3 37. Rxh3 Bxh3 38. Nb3 a4 39. Nc5 Bf5 40. Nxa4 Ke6 0-1

[Event "Voronezh op-B 19th"]
[Site "Voronezh"]
[Date "2015.06.16"]
[Round "5"]
[White "Gritsuk, Viktor"]
[Black "Polyansky, Viktor"]
[Result "0-1"]
[WhiteElo "1680"]
[BlackElo "1925"]
[PlyCount "96"]
[EventDate "2015.06.12"]
[EventType "swiss"]
[EventRounds "9"]
[EventCountry "RUS"]
[SourceTitle "CBM 167 Extra"]
[Source "ChessBase"]
[SourceDate "2015.09.14"]
[SourceVersion "1"]
[SourceVersionDate "2015.09.14"]
[SourceQuality "1"]

1. e4 c5 2. Nf3 Nc6 3. Bb5 Nd4 4. Nxd4 cxd4 5. c3 Nf6 6. e5 Qb6 7. Bc4 d5 8. Bb3 Nd7 9. Qe2 e6 10. Bc2 Qc7 11. f4 Bc5 12. d3 0-0 13. b4 Bb6 14. c4 dxc4 15. dxc4 a5 16. b5 Nc5 17. Nd2 f6 18. Bb2 fxe5 19. fxe5 d3 20. Bxd3 Nxd3+ 21. Qxd3 Bf2+ 22. Ke2 Rd8 23. Qe4 b6 24. Qxa8 Bb7 25. Qxd8+ Qxd8 26. Nf3 Bc5 27. Rhd1 Qf8 28. Rd3 Qf4 29. Rf1 Qxc4 30. Bc1 Be4 31. Ne1 h6 32. Be3 Bb4 33. Bd2 Bxd3+ 34. Nxd3 Bxd2 35. Kxd2 Qxb5 36. Rf3 Qa4 37. Nc1 Qg4 38. Rf2 Qg5+ 39. Kd1 Qxe5 40. g3 b5 41. Re2 Qh5 42. Nd3 Kf7 43. Kd2 Qd5 44. Kc2 Qxa2+ 45. Kd1 Qb1+ 46. Nc1 a4 47. Ra2 b4 48. Rxa4 b3 0-1

[Event "Voronezh op-B 19th"]
[Site "Voronezh"]
[Date "2015.06.15"]
[Round "4"]
[White "Polyansky, Viktor"]
[Black "Voronkov, Denis"]
[Result "0-1"]
[WhiteElo "1925"]
[BlackElo "2086"]
[PlyCount "52"]
[EventDate "2015.06.12"]
[EventType "swiss"]
[EventRounds "9"]
[EventCountry "RUS"]
[SourceTitle "CBM 167 Extra"]
[Source "ChessBase"]
[SourceDate "2015.09.14"]
[SourceVersion "1"]
[SourceVersionDate "2015.09.14"]
[SourceQuality "1"]

1. e4 e6 2. d4 d5 3. Nc3 Nf6 4. Bg5 Be7 5. e5 Nfd7 6. h4 h6 7. Be3 c5 8. Qg4 Kf8 9. dxc5 Nxe5 10. Qg3 Nbc6 11. 0-0-0 Qa5 12. Nf3 Nxf3 13. Qxf3 Bf6 14. Bd2 Qxc5 15. Kb1 Bd7 16. a3 Rc8 17. Rc1 Kg8 18. Bd3 Nd4 19. Qh3 b5 20. Na2 Qc7 21. f4 e5 22. Qg3 e4 23. Bf1 a5 24. Nc3 Qb7 25. Ne2 Nf5 26. Qb3 a4 0-1

[Event "Voronezh op-B 19th"]
[Site "Voronezh"]
[Date "2015.06.13"]
[Round "2"]
[White "Polyansky, Viktor"]
[Black "Fadin, Evgeny"]
[Result "0-1"]
[WhiteElo "1925"]
[BlackElo "2098"]
[PlyCount "60"]
[EventDate "2015.06.12"]
[EventType "swiss"]
[EventRounds "9"]
[EventCountry "RUS"]
[SourceTitle "CBM 167 Extra"]
[Source "ChessBase"]
[SourceDate "2015.09.14"]
[SourceVersion "1"]
[SourceVersionDate "2015.09.14"]
[SourceQuality "1"]

1. c4 c5 2. Nf3 Nf6 3. d4 cxd4 4. Nxd4 a6 5. Nc3 e6 6. g3 Be7 7. Bg2 d6 8. 0-0 0-0 9. h3 Nbd7 10. Be3 Qc7 11. Rc1 Re8 12. Ne4 Nxe4 13. Bxe4 Nf6 14. Bg2 Bd7 15. b3 Rad8 16. Nf3 Bc6 17. Bd4 e5 18. Bb2 Bf8 19. Ne1 Qb8 20. Qc2 d5 21. cxd5 Nxd5 22. a3 e4 23. Bxe4 Ne3 24. fxe3 Rxe4 25. Rf4 Rxe3 26. Qf5 Bd5 27. Kf2 Be6 28. Qg5 Rxb3 29. Be5 Qa7+ 30. Kg2 Rd5 0-1

[Event "Voronezh School op"]
[Site "Voronezh"]
[Date "2015.05.21"]
[Round "3"]
[White "Polyansky, Viktor"]
[Black "Sakorenko, Adriana"]
[Result "1-0"]
[WhiteElo "1931"]
[BlackElo "1835"]
[PlyCount "91"]
[EventDate "2015.05.19"]
[EventType "swiss"]
[EventRounds "9"]
[EventCountry "RUS"]
[SourceTitle "EXT 2016"]
[Source "ChessBase"]
[SourceDate "2015.10.08"]
[SourceVersion "1"]
[SourceVersionDate "2015.10.08"]
[SourceQuality "1"]

1. e4 c5 2. Nf3 e6 3. c3 d5 4. exd5 exd5 5. d4 Nc6 6. Bb5 Bd6 7. dxc5 Bxc5 8. 0-0 Nge7 9. Bg5 0-0 10. Nbd2 Bg4 11. Qa4 Bd7 12. Nb3 Bb6 13. Rfe1 f6 14. Bf4 a6 15. Bxc6 bxc6 16. Bd6 Re8 17. Bc5 Ng6 18. Rxe8+ Bxe8 19. Re1 Bxc5 20. Nxc5 Qb6 21. b4 Qb5 22. Qc2 a5 23. a4 Qb6 24. Qb3 Bf7 25. Nd4 Ne5 26. f4 Nc4 27. Re7 Nd6 28. Nd7 Qa6 29. b5 cxb5 30. axb5 Qc8 31. Nb6 Qd8 32. Rxf7 Nxf7 33. Nxa8 Qxa8 34. b6 Nd6 35. Qa3 Nc4 36. Qc5 Qb7 37. Qc7 Qxb6 38. Qc8+ Kf7 39. Qd7+ Kf8 40. h3 Qc5 41. Kh2 Qe7 42. Qxd5 Ne3 43. Qxa5 Qd6 44. Qa8+ Kf7 45. Qb7+ Kf8 46. Nf5 1-0

[Event "Voronezh-ch op2"]
[Site "Voronezh"]
[Date "2015.04.07"]
[Round "5.6"]
[White "Polyansky, Viktor"]
[Black "Lukovnikov, Alexander"]
[Result "0-1"]
[WhiteElo "1950"]
[BlackElo "2258"]
[PlyCount "46"]
[EventDate "2015.04.02"]
[EventType "swiss"]
[EventRounds "9"]
[EventCountry "RUS"]
[SourceTitle "EXT 2022"]
[Source "ChessBase"]
[SourceDate "2021.10.06"]
[SourceVersion "1"]
[SourceVersionDate "2021.10.06"]
[SourceQuality "1"]

1. d4 Nf6 2. Bg5 d5 3. Nf3 Ne4 4. Bf4 c5 5. c3 Nc6 6. e3 e6 7. Bd3 Be7 8. Nbd2 f5 9. Ne5 0-0 10. 0-0 Bd7 11. Ndf3 Rc8 12. Nxd7 Qxd7 13. Ne5 Nxe5 14. Bxe5 Bd6 15. Bxd6 Qxd6 16. f3 Nf6 17. Qe1 g6 18. Qg3 Qb6 19. Rab1 Nd7 20. Qf2 e5 21. dxe5 Nxe5 22. Bc2 Rcd8 23. Rfd1 Rfe8 0-1

[Event "Voronezh School Rating 03"]
[Site "Voronezh"]
[Date "2015.03.19"]
[Round "6.7"]
[White "Sakorenko, Adriana"]
[Black "Polyansky, Viktor"]
[Result "0-1"]
[WhiteElo "1784"]
[BlackElo "1949"]
[PlyCount "82"]
[EventDate "2015.03.13"]
[EventType "swiss"]
[EventRounds "9"]
[EventCountry "RUS"]
[SourceTitle "EXT 2018"]
[Source "ChessBase"]
[SourceDate "2017.10.13"]
[SourceVersion "1"]
[SourceVersionDate "2017.10.13"]
[SourceQuality "1"]

1. e4 c6 2. d4 g6 3. Nc3 Bg7 4. f4 d5 5. e5 h5 6. Nf3 Bg4 7. g3 h4 8. h3 hxg3 9. Bg2 Bxf3 10. Qxf3 Nh6 11. Qxg3 Nf5 12. Qf2 Qb6 13. Ne2 e6 14. c3 Bf8 15. Ng3 Nh4 16. Be3 Na6 17. Bf1 Rc8 18. a3 c5 19. Bxa6 Qxa6 20. dxc5 Qd3 21. Qe2 Qxe3 22. Qxe3 Ng2+ 23. Kf2 Nxe3 24. Kxe3 Bxc5+ 25. Kf3 Rh4 26. Ne2 Ke7 27. Kg3 Rch8 28. Nd4 Kf8 29. Rac1 Kg7 30. Nf3 R4h5 31. h4 b5 32. Nd4 Be7 33. Nf3 Rc8 34. Rcd1 Rhh8 35. Nd4 Rc4 36. Rh2 a6 37. Nc2 a5 38. Ne3 Re4 39. Nc2 g5 40. fxg5 Bxg5 41. Rd4 Bf4+ 0-1

[Event "Voronezh School Rating 03"]
[Site "Voronezh"]
[Date "2015.03.13"]
[Round "1.6"]
[White "Polyansky, Viktor"]
[Black "Klimentov, Evgeny"]
[Result "0-1"]
[WhiteElo "1949"]
[BlackElo "2085"]
[PlyCount "80"]
[EventDate "2015.03.13"]
[EventType "swiss"]
[EventRounds "9"]
[EventCountry "RUS"]
[SourceTitle "EXT 2018"]
[Source "ChessBase"]
[SourceDate "2017.10.13"]
[SourceVersion "1"]
[SourceVersionDate "2017.10.13"]
[SourceQuality "1"]

1. d4 Nf6 2. c4 g6 3. Nc3 Bg7 4. g3 d6 5. Bg2 0-0 6. Nf3 c5 7. d5 Na6 8. 0-0 Nc7 9. e4 b5 10. cxb5 a6 11. b6 Nb5 12. e5 Ng4 13. e6 Ne5 14. Nxe5 Bxe5 15. Bh6 Bg7 16. Bxg7 Kxg7 17. Nxb5 axb5 18. b4 Qxb6 19. bxc5 Qxc5 20. Rc1 Qa7 21. Qb3 Ba6 22. Qc3+ f6 23. Qb4 Rfc8 24. Rfd1 Rc4 25. Rxc4 bxc4 26. Bf1 Rc8 27. Qc3 Qc5 28. Be2 Bb7 29. Bf3 Ra8 30. Qb2 Ra7 31. a4 Ba6 32. Qb8 Bc8 33. Qb5 Qxb5 34. axb5 Ra4 35. Rd4 Rb4 36. Be2 Bb7 37. f4 Rxb5 38. Rxc4 Bxd5 39. Rd4 Rb1+ 40. Kf2 Bxe6 0-1

[Event "Voronezh Winter Rating op"]
[Site "Voronezh"]
[Date "2015.01.31"]
[Round "9"]
[White "Polyansky, Viktor"]
[Black "Dmitriev, Dmitry"]
[Result "1/2-1/2"]
[WhiteElo "1917"]
[BlackElo "1923"]
[PlyCount "92"]
[EventDate "2015.01.17"]
[EventType "swiss"]
[EventRounds "9"]
[EventCountry "RUS"]
[SourceTitle "EXT 2017"]
[Source "ChessBase"]
[SourceDate "2016.10.25"]
[SourceVersion "1"]
[SourceVersionDate "2016.10.25"]
[SourceQuality "1"]

1. c4 c5 2. Nc3 Nf6 3. g3 e6 4. Bg2 a6 5. Nf3 Nc6 6. 0-0 Be7 7. d4 cxd4 8. Nxd4 Qc7 9. Bf4 e5 10. Nxc6 dxc6 11. Bg5 Be6 12. Bxf6 Bxf6 13. Ne4 Be7 14. Qc2 f5 15. Nc3 0-0 16. b3 Rad8 17. Bh3 Bc8 18. Rad1 Rxd1 19. Rxd1 Bc5 20. e3 Qf7 21. Na4 Ba7 22. c5 Qh5 23. Bf1 f4 24. exf4 exf4 25. Qc4+ Kh8 26. Qxf4 Bxc5 27. Nxc5 Qxc5 28. Qd4 Qc2 29. Qd2 Qf5 30. Bd3 Qf6 31. Be4 Bf5 32. Bg2 Bg4 33. f3 Bf5 34. Qd6 Kg8 35. Qxf6 Rxf6 36. g4 Be6 37. Kf2 Bd5 38. Rd2 g5 39. Kg3 Rf4 40. h4 h6 41. Re2 Kf7 42. hxg5 hxg5 43. Re5 Kf6 44. Re3 a5 45. Re8 a4 46. bxa4 Rxa4 1/2-1/2

[Event "Voronezh Winter Rating op"]
[Site "Voronezh"]
[Date "2015.01.29"]
[Round "8"]
[White "Saprykin, Dmitry"]
[Black "Polyansky, Viktor"]
[Result "0-1"]
[WhiteElo "1817"]
[BlackElo "1917"]
[PlyCount "58"]
[EventDate "2015.01.17"]
[EventType "swiss"]
[EventRounds "9"]
[EventCountry "RUS"]
[SourceTitle "EXT 2017"]
[Source "ChessBase"]
[SourceDate "2016.10.25"]
[SourceVersion "1"]
[SourceVersionDate "2016.10.25"]
[SourceQuality "1"]

1. e4 c5 2. d3 Nc6 3. f4 g6 4. Nf3 Bg7 5. c3 d5 6. Be2 dxe4 7. dxe4 Qxd1+ 8. Bxd1 Nf6 9. Bc2 e5 10. Na3 0-0 11. 0-0 Bg4 12. fxe5 Nd7 13. Nc4 Bxf3 14. gxf3 Ndxe5 15. Nxe5 Nxe5 16. f4 Nc4 17. Bb3 Nb6 18. Be3 Rfe8 19. Bc2 Nc4 20. Bxc5 Nd2 21. Rfd1 Nxe4 22. Ba3 Bh6 23. Rd7 Bxf4 24. Bb3 Ng5 25. Rf1 Red8 26. Rxd8+ Rxd8 27. Rxf4 Nh3+ 28. Kg2 Nxf4+ 29. Kf3 g5 0-1

[Event "Voronezh-ch"]
[Site "Voronezh"]
[Date "2015.01.08"]
[Round "5"]
[White "Kornilov, Peter"]
[Black "Polyansky, Viktor"]
[Result "1-0"]
[WhiteElo "2036"]
[BlackElo "1917"]
[PlyCount "67"]
[EventDate "2015.01.03"]
[EventType "swiss"]
[EventRounds "9"]
[EventCountry "RUS"]
[SourceTitle "CBM 164 Extra"]
[Source "ChessBase"]
[SourceDate "2015.03.02"]
[SourceVersion "1"]
[SourceVersionDate "2015.03.02"]
[SourceQuality "1"]

1. Nf3 c5 2. c4 Nc6 3. Nc3 Nf6 4. g3 e5 5. d3 d5 6. cxd5 Nxd5 7. Bg2 Be7 8. Nxe5 Nxc3 9. Nxc6 bxc6 10. bxc3 0-0 11. 0-0 c4 12. d4 Qa5 13. Qc2 Rb8 14. Bf4 Rb5 15. Bxc6 Bf5 16. e4 Bh3 17. Bxb5 Qxb5 18. a4 Qh5 19. Qd1 Qa5 20. Re1 Qxc3 21. Re3 Qa5 22. g4 g5 23. Be5 f6 24. Bg3 Rd8 25. Rb1 h5 26. gxh5 Bd7 27. Ra1 Be6 28. d5 Bc5 29. Qe1 Bb4 30. Qe2 Bf7 31. Qxc4 Bxh5 32. Bc7 Rc8 33. d6+ Bf7 34. d7 1-0

[Event "Voronezh School Rating"]
[Site "Voronezh"]
[Date "2014.11.27"]
[Round "6.1"]
[White "Polyansky, Viktor"]
[Black "Kozlov, Sergej A"]
[Result "0-1"]
[WhiteElo "2043"]
[BlackElo "2048"]
[PlyCount "64"]
[EventDate "2014.11.21"]
[EventType "tourn"]
[EventRounds "9"]
[EventCountry "RUS"]
[SourceTitle "EXT 2018"]
[Source "ChessBase"]
[SourceDate "2017.10.13"]
[SourceVersion "1"]
[SourceVersionDate "2017.10.13"]
[SourceQuality "1"]

1. d4 e6 2. e4 d5 3. e5 c5 4. c3 Qb6 5. Nf3 Bd7 6. a3 Bb5 7. Bxb5+ Qxb5 8. a4 Qb6 9. a5 Qc7 10. 0-0 a6 11. c4 Ne7 12. Nc3 cxd4 13. cxd5 dxc3 14. d6 Qc6 15. dxe7 Bxe7 16. bxc3 Qxc3 17. Ba3 Bxa3 18. Qa4+ Nc6 19. Rxa3 Qc5 20. Raa1 0-0 21. Rfc1 Qe7 22. Rab1 Rfd8 23. Rd1 Rxd1+ 24. Rxd1 Rd8 25. h4 Rxd1+ 26. Qxd1 Nxa5 27. Ng5 h6 28. Ne4 Nc6 29. Qh5 Qb4 30. Qg4 Qe1+ 31. Kh2 Nxe5 32. Qf4 f5 0-1

[Event "Voronezh School Rating"]
[Site "Voronezh"]
[Date "2014.11.21"]
[Round "1.1"]
[White "Manukovsky, Vladimir"]
[Black "Polyansky, Viktor"]
[Result "1-0"]
[WhiteElo "2203"]
[BlackElo "2043"]
[PlyCount "47"]
[EventDate "2014.11.21"]
[EventType "tourn"]
[EventRounds "9"]
[EventCountry "RUS"]
[SourceTitle "EXT 2018"]
[Source "ChessBase"]
[SourceDate "2017.10.13"]
[SourceVersion "1"]
[SourceVersionDate "2017.10.13"]
[SourceQuality "1"]

1. e4 e5 2. Nc3 Nf6 3. f4 d5 4. fxe5 Nxe4 5. Nf3 Bg4 6. d3 Nxc3 7. bxc3 Be7 8. Rb1 b6 9. Be2 0-0 10. 0-0 Nd7 11. d4 f6 12. Bf4 fxe5 13. Nxe5 Nxe5 14. Bxg4 Nxg4 15. Qxg4 Rf6 16. Be5 Rg6 17. Qf4 c6 18. Qf7+ Kh8 19. Rbe1 Qf8 20. Bg3 Rf6 21. Rxe7 Rxf7 22. Rfxf7 Qc8 23. Rxg7 Qf5 24. Be5 1-0

[Event "Voronezh-ch"]
[Site "Voronezh"]
[Date "2014.11.01"]
[Round "5"]
[White "Polyansky, Viktor"]
[Black "Kostin, Alexey"]
[Result "0-1"]
[WhiteElo "2000"]
[BlackElo "2303"]
[PlyCount "64"]
[EventDate "2014.10.28"]
[EventType "tourn"]
[EventRounds "9"]
[EventCountry "RUS"]
[SourceTitle "CBM 163 Extra"]
[Source "ChessBase"]
[SourceDate "2014.12.23"]
[SourceVersion "1"]
[SourceVersionDate "2014.12.23"]
[SourceQuality "1"]

1. e4 c5 2. Nf3 e6 3. d4 cxd4 4. Nxd4 a6 5. c4 Nf6 6. Nc3 Qc7 7. Be2 d6 8. 0-0 b6 9. f4 Bb7 10. Qd3 Nbd7 11. Bf3 Rc8 12. b3 b5 13. Rb1 Nc5 14. Qe2 b4 15. Nd1 Bxe4 16. Bxe4 Ncxe4 17. Bb2 Be7 18. f5 e5 19. Nf3 0-0 20. Nf2 Nxf2 21. Qxf2 Ng4 22. Qg3 Ne3 23. Rf2 Nxf5 24. Qh3 g6 25. Nd2 Ng7 26. Rbf1 d5 27. cxd5 Bc5 28. Ne4 Bxf2+ 29. Rxf2 f5 30. Ng5 Nh5 31. Ne6 Qb6 32. Nxf8 Rc2 0-1

[Event "Voronezh-ch"]
[Site "Voronezh"]
[Date "2014.10.29"]
[Round "2"]
[White "Cherednichenko, Dmitrij"]
[Black "Polyansky, Viktor"]
[Result "1-0"]
[WhiteElo "1902"]
[BlackElo "2000"]
[PlyCount "85"]
[EventDate "2014.10.28"]
[EventType "tourn"]
[EventRounds "9"]
[EventCountry "RUS"]
[SourceTitle "CBM 163 Extra"]
[Source "ChessBase"]
[SourceDate "2014.12.23"]
[SourceVersion "1"]
[SourceVersionDate "2014.12.23"]
[SourceQuality "1"]

1. d4 f5 2. g3 Nf6 3. Bg2 d6 4. Nf3 c6 5. c4 Qc7 6. Nc3 e5 7. dxe5 dxe5 8. 0-0 Bc5 9. e4 0-0 10. Qe2 fxe4 11. Nxe4 Be7 12. b3 Bg4 13. Bb2 Nbd7 14. h3 Bxf3 15. Bxf3 Nxe4 16. Bxe4 g6 17. h4 Rf7 18. h5 Bc5 19. Kg2 Raf8 20. f3 gxh5 21. Rh1 Bd4 22. Rxh5 Nf6 23. Rg5+ Kh8 24. Bd3 c5 25. Bxd4 exd4 26. Re1 b6 27. Qe5 Qxe5 28. Rgxe5 Ng8 29. Rh1 h6 30. f4 Kg7 31. Rhe1 Nf6 32. Kf3 Rd8 33. g4 Rh8 34. Re7 Kf8 35. R7e5 Rg8 36. Bf5 Rgg7 37. Rh1 Ng8 38. Rhe1 Ne7 39. Bd3 Kg8 40. Re6 h5 41. g5 Rxg5 42. Rxe7 Rxe7 43. Rxe7 1-0

[Event "Voronezh-ch"]
[Site "Voronezh"]
[Date "2014.10.28"]
[Round "1"]
[White "Polyansky, Viktor"]
[Black "Kornilov, Peter"]
[Result "0-1"]
[WhiteElo "2000"]
[BlackElo "1993"]
[PlyCount "115"]
[EventDate "2014.10.28"]
[EventType "tourn"]
[EventRounds "9"]
[EventCountry "RUS"]
[SourceTitle "CBM 163 Extra"]
[Source "ChessBase"]
[SourceDate "2014.12.23"]
[SourceVersion "1"]
[SourceVersionDate "2014.12.23"]
[SourceQuality "1"]

1. e4 c5 2. Nf3 Nc6 3. Nc3 g6 4. h4 Bg7 5. h5 d6 6. hxg6 hxg6 7. Rxh8 Bxh8 8. Bc4 e6 9. d3 Nd4 10. Be3 a6 11. Bxd4 Bxd4 12. Qd2 Qa5 13. Nxd4 cxd4 14. Ne2 Qxd2+ 15. Kxd2 e5 16. Rh1 Nf6 17. c3 b5 18. Bb3 dxc3+ 19. Nxc3 Bb7 20. Rh8+ Ke7 21. Rxa8 Bxa8 22. Ke3 b4 23. Na4 d5 24. Nb6 d4+ 25. Kf3 Bb7 26. g4 Nh7 27. Kg3 f5 28. gxf5 gxf5 29. Bd5 Bxd5 30. Nxd5+ Kd6 31. Nxb4 a5 32. Nc2 fxe4 33. dxe4 Ng5 34. f3 Kc5 35. Kg4 Nf7 36. Kf5 Kc4 37. Na3+ Kd3 38. f4 exf4 39. Kxf4 Ke2 40. e5 d3 41. Nb1 d2 42. e6 Nd6 43. Nc3+ Ke1 44. Ke5 Nb5 45. e7 Nxc3 46. e8Q d1Q 47. Qa8 Qh5+ 48. Kf6 Nd5+ 49. Kg7 Qg5+ 50. Kf8 Qh6+ 51. Kg8 Qe6+ 52. Kh8 Qf6+ 53. Kh7 Qf7+ 54. Kh8 Qh5+ 55. Kg7 Qg5+ 56. Kh8 Qf6+ 57. Kg8 Qe5 58. Qf8 0-1

[Event "Voronezh CC-ch"]
[Site "Voronezh"]
[Date "2014.10.25"]
[Round "8"]
[White "Gritsuk, Viktor"]
[Black "Polyansky, Viktor"]
[Result "0-1"]
[WhiteElo "1774"]
[BlackElo "2000"]
[PlyCount "78"]
[EventDate "2014.10.17"]
[EventType "swiss"]
[EventRounds "9"]
[EventCountry "RUS"]
[SourceTitle "CBM 163 Extra"]
[Source "ChessBase"]
[SourceDate "2014.12.23"]
[SourceVersion "1"]
[SourceVersionDate "2014.12.23"]
[SourceQuality "1"]

1. e4 c5 2. Nf3 Nc6 3. d4 cxd4 4. Nxd4 Nf6 5. Nc3 e6 6. Bg5 Be7 7. Nxc6 bxc6 8. e5 Nd5 9. Bxe7 Qxe7 10. Qd2 Qb4 11. Nxd5 Qxd2+ 12. Kxd2 cxd5 13. c4 Bb7 14. c5 0-0 15. Bd3 f6 16. exf6 Rxf6 17. f3 a5 18. Rhe1 Bc6 19. Rab1 Rf4 20. a3 a4 21. Re2 Rb8 22. Ke3 g5 23. g3 d4+ 24. Kd2 Rxf3 25. Bc4 Bb5 26. Bxb5 Rxb5 27. Re4 Rf2+ 28. Kd3 Rxc5 29. Kxd4 Rcc2 30. b4 Kf7 31. b5 Kf6 32. Kd3 d5 33. Rxa4 Rfd2+ 34. Ke3 Ke5 35. b6 d4+ 36. Kf3 h5 37. Ra5+ Kf6 38. b7 Rc3+ 39. Ke4 Re3# 0-1

[Event "Voronezh CC-ch"]
[Site "Voronezh"]
[Date "2014.10.22"]
[Round "5"]
[White "Polyansky, Viktor"]
[Black "Abramova, Yulia"]
[Result "1/2-1/2"]
[WhiteElo "2000"]
[BlackElo "1976"]
[PlyCount "83"]
[EventDate "2014.10.17"]
[EventType "swiss"]
[EventRounds "9"]
[EventCountry "RUS"]
[SourceTitle "CBM 163 Extra"]
[Source "ChessBase"]
[SourceDate "2014.12.23"]
[SourceVersion "1"]
[SourceVersionDate "2014.12.23"]
[SourceQuality "1"]

1. e4 c5 2. Nf3 Nc6 3. d4 cxd4 4. Nxd4 Nf6 5. Nc3 e6 6. Nxc6 bxc6 7. e5 Nd5 8. Ne4 Qc7 9. f4 Qb6 10. c4 Bb4+ 11. Ke2 Ba6 12. Kf3 f5 13. exf6 Nxf6 14. Nxf6+ gxf6 15. a3 Be7 16. b4 c5 17. Be3 Qc6+ 18. Kf2 cxb4 19. axb4 Bxb4 20. Qa4 Qxa4 21. Rxa4 Bxc4 22. Bxc4 a5 23. f5 Rc8 24. Rc1 Ke7 25. fxe6 dxe6 26. Be2 Rxc1 27. Bxc1 Rc8 28. Ba3 Bxa3 29. Rxa3 Rc5 30. Rh3 f5 31. Rxh7+ Kd6 32. Ra7 e5 33. h4 e4 34. g3 Ke5 35. Rb7 f4 36. g4 Rc2 37. Re7+ Kd4 38. Rd7+ Ke5 39. Ke1 f3 40. Bxf3 exf3 41. Rf7 Ke4 42. g5 1/2-1/2

[Event "Voronezh CC-ch"]
[Site "Voronezh"]
[Date "2014.10.17"]
[Round "1"]
[White "Polyansky, Viktor"]
[Black "Rodin, Dmitrij"]
[Result "0-1"]
[WhiteElo "2000"]
[BlackElo "2333"]
[PlyCount "70"]
[EventDate "2014.10.17"]
[EventType "swiss"]
[EventRounds "9"]
[EventCountry "RUS"]
[SourceTitle "CBM 163 Extra"]
[Source "ChessBase"]
[SourceDate "2014.12.23"]
[SourceVersion "1"]
[SourceVersionDate "2014.12.23"]
[SourceQuality "1"]

1. e4 d5 2. Nc3 dxe4 3. Nxe4 Nf6 4. Nxf6+ gxf6 5. g3 c6 6. Bg2 Bf5 7. d3 Nd7 8. Bd2 Qc7 9. Qe2 0-0-0 10. Nf3 e5 11. Nh4 Be6 12. 0-0 f5 13. Bc3 Be7 14. Nf3 f6 15. d4 e4 16. Nh4 Nb6 17. Bh3 Qd7 18. Qh5 f4 19. Bxe6 Qxe6 20. Qf5 Qxf5 21. Nxf5 Rhe8 22. Ba5 Rd5 23. Nxe7+ Rxe7 24. Bxb6 axb6 25. c3 Rg5 26. Rae1 f5 27. Rd1 h5 28. Kh1 f3 29. d5 h4 30. gxh4 Rh5 31. dxc6 bxc6 32. Rg1 Rxh4 33. Rg8+ Kc7 34. Ra8 Kb7 35. Rad8 Reh7 0-1

[Event "Anna Chess Players Memorial"]
[Site "Anna"]
[Date "2014.09.01"]
[Round "6"]
[White "Polyansky, Viktor"]
[Black "Surov, Sergey"]
[Result "0-1"]
[WhiteElo "1980"]
[BlackElo "2232"]
[PlyCount "68"]
[EventDate "2014.08.30"]
[EventType "swiss"]
[EventRounds "9"]
[EventCountry "RUS"]
[SourceTitle "EXT 2018"]
[Source "ChessBase"]
[SourceDate "2017.10.13"]
[SourceVersion "1"]
[SourceVersionDate "2017.10.13"]
[SourceQuality "1"]

1. e4 d5 2. exd5 Nf6 3. Bb5+ Bd7 4. Bc4 Bg4 5. f3 Bc8 6. Nc3 Nbd7 7. Nge2 Nb6 8. Bb5+ Bd7 9. a4 a6 10. Bxd7+ Qxd7 11. Nf4 g5 12. Nh3 Nbxd5 13. d3 Rg8 14. Nf2 0-0-0 15. Nxd5 Nxd5 16. 0-0 h5 17. a5 e6 18. Ne4 Be7 19. d4 f5 20. Nc5 Bxc5 21. dxc5 Qb5 22. Qe1 Qxc5+ 23. Qf2 Qxf2+ 24. Rxf2 g4 25. Bd2 gxf3 26. Rxf3 Nf6 27. Bc3 Ne4 28. Be1 Rg7 29. Kf1 Rdg8 30. g3 h4 31. Raa3 hxg3 32. hxg3 Rh7 33. Ke2 Rh2+ 34. Bf2 Rd8 0-1

[Event "Anna Chess Players Memorial"]
[Site "Anna"]
[Date "2014.08.31"]
[Round "3"]
[White "Manukovsky, Vladimir"]
[Black "Polyansky, Viktor"]
[Result "0-1"]
[WhiteElo "2202"]
[BlackElo "1980"]
[PlyCount "32"]
[EventDate "2014.08.30"]
[EventType "swiss"]
[EventRounds "9"]
[EventCountry "RUS"]
[SourceTitle "EXT 2018"]
[Source "ChessBase"]
[SourceDate "2017.10.13"]
[SourceVersion "1"]
[SourceVersionDate "2017.10.13"]
[SourceQuality "1"]

1. e4 c5 2. Nf3 Nc6 3. d4 cxd4 4. Nxd4 Nf6 5. Nc3 e6 6. Ndb5 d6 7. Bf4 e5 8. Bg5 a6 9. Na3 b5 10. Bxf6 gxf6 11. Nd5 Bg7 12. Be2 Ne7 13. Nxe7 Qxe7 14. Bg4 h5 15. Qd5 Bb7 16. Qd3 hxg4 0-1